Swine record.

Bibliographic Details
Corporate Author: American Hampshire Swine Record Association
Format: Serial
Language:English
Published: Peoria, Ill. [publisher not identified] ;
Subjects:

MARC

Tag First Indicator Second Indicator Subfields
LEADER 00000cas a2200000 4500
001 in00000366129
005 20151011074347.0
008 780321d19051920iluar 0uuua0eng d
035 |a (OCoLC)03737037 
035 |9 ABP4846AM 
040 |a TXA  |c TXA  |d UtOrBLW 
049 |a TXAE 
090 |a SF393.H3  |b A46 
110 2 |a American Hampshire Swine Record Association. 
245 1 0 |a Swine record. 
264 1 |a Peoria, Ill.  |b [publisher not identified] ; 
300 |a 16 volumes ;  |c 24 cm. 
336 |a text  |b txt  |2 rdacontent 
337 |a unmediated  |b n  |2 rdamedia 
338 |a volume  |b nc  |2 rdacarrier 
362 0 |a v. 1-16, 1905-1920. 
650 0 |a Hampshire swine. 
650 0 |a Swine  |v Pedigrees. 
999 |a MARS 
999 f f |s 22132132-b9b9-36f4-bfa8-bef03f62ddae  |i 863a768c-5cd4-325d-bb1f-fcc3bf393665  |t 0 
952 f f |p ric  |a Texas A&M University  |b Rellis Campus  |c Joint Library Facility  |d Remote Storage  |t 0  |e SF393.H3 A46  |h Library of Congress classification  |i unmediated -- volume  |k v.16  |l 1920:June  |m A14842225097 
952 f f |p ric  |a Texas A&M University  |b Rellis Campus  |c Joint Library Facility  |d Remote Storage  |t 0  |e SF393.H3 A46  |h Library of Congress classification  |i unmediated -- volume  |k v.8  |l 1913:Apr.  |m A14842225162 
952 f f |p ric  |a Texas A&M University  |b Rellis Campus  |c Joint Library Facility  |d Remote Storage  |t 0  |e SF393.H3 A46  |h Library of Congress classification  |i unmediated -- volume  |k v.5  |l 1910:June  |m A14842225188 
952 f f |p ric  |a Texas A&M University  |b Rellis Campus  |c Joint Library Facility  |d Remote Storage  |t 0  |e SF393.H3 A46  |h Library of Congress classification  |i unmediated -- volume  |k v.15  |l 1919:Nov.  |m A14842225105 
952 f f |p ric  |a Texas A&M University  |b Rellis Campus  |c Joint Library Facility  |d Remote Storage  |t 0  |e SF393.H3 A46  |h Library of Congress classification  |i unmediated -- volume  |k v.10  |l 1915:Apr.  |m A14842225147 
952 f f |p ric  |a Texas A&M University  |b Rellis Campus  |c Joint Library Facility  |d Remote Storage  |t 0  |e SF393.H3 A46  |h Library of Congress classification  |i unmediated -- volume  |k v.13  |l 1918:Nov.  |m A14842225121 
952 f f |p ric  |a Texas A&M University  |b Rellis Campus  |c Joint Library Facility  |d Remote Storage  |t 0  |e SF393.H3 A46  |h Library of Congress classification  |i unmediated -- volume  |k v.14  |l 1919:June  |m A14842225113 
952 f f |p ric  |a Texas A&M University  |b Rellis Campus  |c Joint Library Facility  |d Remote Storage  |t 0  |e SF393.H3 A46  |h Library of Congress classification  |i unmediated -- volume  |k v.12  |l 1917:Dec.  |m A14842225139 
952 f f |p ric  |a Texas A&M University  |b Rellis Campus  |c Joint Library Facility  |d Remote Storage  |t 0  |e SF393.H3 A46  |h Library of Congress classification  |i unmediated -- volume  |k v.6  |l 1911:Apr.  |m A14842225170 
952 f f |p ric  |a Texas A&M University  |b Rellis Campus  |c Joint Library Facility  |d Remote Storage  |t 0  |e SF393.H3 A46  |h Library of Congress classification  |i unmediated -- volume  |k v.9  |l 1914:Apr.  |m A14842225154 
998 f f |a SF393.H3 A46  |s v.12 (1917)-v.16 (1920)  |t 0  |l Remote Storage